MCSE self-paced training kit (Exam 70-297) : (Record no. 545)
[ view plain ]
| 000 -LEADER | |
|---|---|
| fixed length control field | 01167nac a22002171u 4500 |
| 020 ## - INTERNATIONAL STANDARD BOOK NUMBER | |
| International Standard Book Number | 812032532x |
| 082 00 - DEWEY DECIMAL CLASSIFICATION NUMBER | |
| Classification number | 005.4/476 |
| Item number | G5584 |
| 090 ## - LOCALLY ASSIGNED LC-TYPE CALL NUMBER (OCLC); LOCAL CALL NUMBER (OCLC) | |
| -- | 545 |
| -- | 545 |
| 100 ## - MAIN ENTRY--PERSONAL NAME | |
| Personal name | Glenn, Walter J. |
| 245 10 - TITLE STATEMENT | |
| Title | MCSE self-paced training kit (Exam 70-297) : |
| Remainder of title | designing a Microsoft Windows Server 2003 active directory and network infrastructure / |
| Statement of responsibility, etc | Walter Glenn with Michael T. Simpson. |
| 246 30 - VARYING FORM OF TITLE | |
| Title proper/short title | Designing a Microsoft Windows Server 2003 active directory and network infrastructure |
| 260 ## - PUBLICATION, DISTRIBUTION, ETC. (IMPRINT) | |
| Place of publication, distribution, etc | New Delhi : |
| Name of publisher, distributor, etc | Prentice Hall of India, |
| Date of publication, distribution, etc | c2004. |
| 300 ## - PHYSICAL DESCRIPTION | |
| Extent | 1 v. (various pagings) : |
| Other physical details | ill. ; |
| Dimensions | 24 cm. + |
| Accompanying material | 1 CD-ROM (4 3/4 in.) |
| 500 ## - GENERAL NOTE | |
| General note | Includes index. |
| 650 #0 - SUBJECT ADDED ENTRY--TOPICAL TERM | |
| Topical term or geographic name as entry element | Electronic data processing personnel |
| General subdivision | Certification. |
| 650 #0 - SUBJECT ADDED ENTRY--TOPICAL TERM | |
| Topical term or geographic name as entry element | Microsoft software |
| General subdivision | Examinations |
| Form subdivision | Study guides. |
| 700 1# - ADDED ENTRY--PERSONAL NAME | |
| Personal name | Simpson, Michael T., |
| Dates associated with a name | 1954- |
| 942 ## - ADDED ENTRY ELEMENTS (KOHA) | |
| Item type | Book - Borrowing |
| Call number prefix | 005.4/476G5584 |
| Withdrawn status | Item status | Source of classification or shelving scheme | Damaged status | Not for loan | Vendor | Home library | Current library | Shelving location | Date acquired | Source of acquisition | Total Checkouts | Full call number | Barcode | Date last seen | Date last borrowed | Koha item type |
|---|---|---|---|---|---|---|---|---|---|---|---|---|---|---|---|---|
| Dewey Decimal Classification | Central Library | Central Library | Lower Floor | 17/07/2006 | 2 | 005.4476 GLE | 000004074 | 15/07/2025 | 25/10/2016 | Book - Borrowing | ||||||
| Dewey Decimal Classification | Central Library | Central Library | Lower Floor | 17/10/2011 | 005.4476 GLE | 000025460 | 24/08/2022 | CD | DVD - With book |